Motocyklové konštrukcie.

Uložené v:
Podrobná bibliografia
Hlavný autor: Mirošnyková, Táňa (Author)
Médium: Kniha
Jazyk:Slovak
Vydané: 1968.
Tagy: Pridať tag
Žiadne tagy, Buďte prvý kto otaguje tento záznam!

MARC

LEADER 00000nam a2200000 a 4500
001 000132221
005 20090827205110.0
008 040101s1968 xo e slo d
040 |a SVKKK  |b slo  |c SVKKK  |e AACR2 
041 0 |a slo 
044 |a xo  |c SK 
100 1 |a Mirošnyková, Táňa  |4 aut 
245 1 0 |a Motocyklové konštrukcie. 
260 |c 1968. 
910 |a svkkk 
998 |a BK 
090 |g SCKHL  |k Sklad Pribinova 2. posch.  |a II.173570  |i 132221-10  |s Absenčne 
090 |g SCKHL  |k Sklad Pribinova 2. posch.  |a II0.12563  |i 132221-20  |s Absenčne